000 00350nam a2200133Ia 4500
008 100328s9999 xx 000 0 und d
082 _b21235
100 _aनाडकर्णी ज्ञानेश्वर
245 _aकोंडी
260 _bवसंत
630 _aकोंडी
730 _aकोंडी
942 _cBOOK
999 _c515272
_d515269